| 000 | 01061nam a22003130a 4500 | ||
|---|---|---|---|
| 001 | PT23118 | ||
| 003 | AR-LpoUNG | ||
| 005 | 20210131233126.0 | ||
| 008 | 191001s2006||||ag |||||||||||||||||spa d | ||
| 020 |
_a[En trámite] _c$15 |
||
| 040 |
_aAR-LpoUNG _bspa _cAR-LpoUNG _eaacr |
||
| 041 | _aspa | ||
| 044 | _aag | ||
| 082 | 0 | _a982.065 132rec | |
| 100 | 1 |
_aBadano, María del Rosario _ecoor. |
|
| 245 | 1 | 0 |
_aRecorridos de las memorias : _bensayos de estudiantes universitarios concurso - Memorias y dictadura - |
| 260 |
_aParaná : _bUniversidad Autónoma de Entre Ríos - Universidad Nacional de Entre Ríos, _c2006. |
||
| 300 |
_a116 p. : _bil. |
||
| 520 | _aEscritos de docentes y estudiantes de la Universidad Autónoma de Entre Ríos y la Universidad Nacional de Entre Ríos sobre memoria y dictadura. | ||
| 650 | 4 | _aARGENTINA | |
| 650 | 4 | _aDICTADURA | |
| 650 | 4 | _aGOBIERNO MILITAR | |
| 650 | 4 | _aHISTORIA | |
| 650 | 4 | _aHISTORIA POLITICA | |
| 651 | 4 | _aArgentina | |
| 700 | 1 |
_aRíos, Javier Sergio _ecoor. |
|
| 905 | _a23118 | ||
| 942 | _cLIB | ||
| 999 |
_c19332 _d19332 |
||